00278 a2200097 450000100060000008200200000610000160002624500890004226000380013130000110016955491 a660.0151821 THO aThoma, Jean aModelling and simulation in thermal and chemical engineering ; a bond graph approach aHeidelbergbspringer-Verlagc2000 a219 p.